000 00311nam a22001457a 4500
008 210526b ||||| |||| 00| 0 eng d
020 _a088243604x
041 _aeng
080 _a7
082 _a7
100 _a44
101 _aART
245 _aSign Language Made Simple
_cLawrence,E,D
942 _2udc
_cBK
999 _c57640
_d57640